000 02168cam a2200325 a 4500
003 EG-GiCUC
005 20250223030917.0
008 131222c2013 ua f m 000 0 ara d
040 _aEG-GiCUC
_bara
_cEG-GiCUC
041 0 _aara
049 _aايداع
097 _aدكتوراه
099 _aCai01.03.02.Ph.D.2013.عا.إ
100 0 _aعايض عقال محمد هجلان
245 1 0 _aإمكانية استهداف التضخم كإطار عام للسياسة النقدية فى اليمن فى ظل برنامج الإصلاح الاقتصادى1995-2010 /
_cعايض عقال محمد هجلان ؛ اشراف حسن أحمد عبيد
246 1 5 _aApplicability of targeting inflation as a general framework of monetary policy in Yemen through the economic reform program (1995-2010)
260 _aالقاهرة :
_bعايض عقال محمد هجلان :
_c2013
300 _a207 ص ؛
_c25سم
502 _aاطروحة (دكتوراه) - جامعة القاهرة - كلية الإقتصاد و العلوم السياسية - قسم الإقتصاد
520 _aهدفت الدراسة إلى بحث إمكانية انتهاج سياسة إستهداف التضخم كإطار للسياسة النقدية فى اليمن و ذلك من خلال تحليل مؤشرات تطبيق سياسة إستهداف التضخم فى اليمن واتضح ان وضع الاقتصاد اليمنى يسمح بتطبيق سياسة استهداف التضخم كإطار عام للسياسة النقدية مع ضرورة العمل على استمرار الإصلاحات على مستوى الاقتصاد الكلى و زيادة إستقلالية البنك المركزى اليمنى و ضرورة تطوير القطاع المالى و زيادة كفاءة وحداته
530 _aصدر ايضا كقرص مدمج
653 4 _aإستهداف التضخم
653 4 _aالتضخم
653 4 _aالسياسة النقدية
700 0 _aحسن أحمد عبيد :
_eمشرف
856 _uhttp://172.23.153.220/th.pdf
905 _aNazla
_eCataloger
905 _aSoheir
_eRevisor
942 _2ddc
_cTH
999 _c44538
_d44538